<?xml version="1.0" encoding="UTF-8"?>
<record
    xmlns:xsi="http://www.w3.org/2001/XMLSchema-instance"
    xsi:schemaLocation="http://www.loc.gov/MARC21/slim http://www.loc.gov/standards/marcxml/schema/MARC21slim.xsd"
    xmlns="http://www.loc.gov/MARC21/slim">

  <leader>01289nam2a22002651  4500</leader>
  <controlfield tag="001">RU\NLR\INFOCOMM19\1000035889</controlfield>
  <controlfield tag="005">20250617155828.0</controlfield>
  <datafield tag="035" ind1=" " ind2=" ">
    <subfield code="a">(NLR Aleph) 002759745</subfield>
  </datafield>
  <datafield tag="090" ind1=" " ind2=" ">
    <subfield code="a">2220196</subfield>
    <subfield code="c">2220196</subfield>
  </datafield>
  <datafield tag="100" ind1=" " ind2=" ">
    <subfield code="a">20040211d1979    |||y0rusy50      ca</subfield>
  </datafield>
  <datafield tag="101" ind1="0" ind2=" ">
    <subfield code="a">rus</subfield>
  </datafield>
  <datafield tag="102" ind1=" " ind2=" ">
    <subfield code="a">RU</subfield>
  </datafield>
  <datafield tag="105" ind1=" " ind2=" ">
    <subfield code="a">y   |||||||||</subfield>
  </datafield>
  <datafield tag="200" ind1="1" ind2=" ">
    <subfield code="a">&#x41E;&#x431;&#x437;&#x43E;&#x440; &#x44D;&#x43A;&#x441;&#x43F;&#x435;&#x440;&#x442;&#x43D;&#x43E;&#x439; &#x43F;&#x440;&#x430;&#x43A;&#x442;&#x438;&#x43A;&#x438; &#x43F;&#x440;&#x43E;&#x438;&#x437;&#x432;&#x43E;&#x434;&#x441;&#x442;&#x432;&#x430; &#x441;&#x443;&#x434;&#x435;&#x431;&#x43D;&#x44B;&#x445; &#x430;&#x432;&#x442;&#x43E;&#x442;&#x435;&#x445;&#x43D;&#x438;&#x447;&#x435;&#x441;&#x43A;&#x438;&#x445; &#x44D;&#x43A;&#x441;&#x43F;&#x435;&#x440;&#x442;&#x438;&#x437; &#x43F;&#x43E; &#x440;&#x430;&#x437;&#x43B;&#x438;&#x447;&#x43D;&#x44B;&#x43C; &#x432;&#x438;&#x434;&#x430;&#x43C; &#x438;&#x441;&#x441;&#x43B;&#x435;&#x434;&#x43E;&#x432;&#x430;&#x43D;&#x438;&#x44F; (&#x43D;&#x430;&#x435;&#x437;&#x434;&#x44B;, &#x441;&#x442;&#x43E;&#x43B;&#x43A;&#x43D;&#x43E;&#x432;&#x435;&#x43D;&#x438;&#x44F;)</subfield>
    <subfield code="f">&#x41A;.&#x415;. &#x42D;&#x43B;&#x438;&#x43D;, &#x412;.&#x412;. &#x41C;&#x430;&#x43B;&#x430;&#x445;&#x430;</subfield>
  </datafield>
  <datafield tag="210" ind1=" " ind2=" ">
    <subfield code="d">1979</subfield>
    <subfield code="a">&#x411;. &#x43C;.</subfield>
  </datafield>
  <datafield tag="461" ind1=" " ind2="0">
    <subfield code="1">001RU\NLR\INFOCOMM19\1000035864</subfield>
    <subfield code="1">2001#$a&#x41E;&#x431;&#x437;&#x43E;&#x440;&#x43D;&#x430;&#x44F; &#x438;&#x43D;&#x444;&#x43E;&#x440;&#x43C;&#x430;&#x446;&#x438;&#x44F;$f&#x41C;-&#x432;&#x43E; &#x44E;&#x441;&#x442;&#x438;&#x446;&#x438;&#x438; &#x421;&#x421;&#x421;&#x420;. &#x412;&#x41D;&#x418;&#x418; &#x441;&#x443;&#x434;&#x435;&#x431;&#x43D;&#x44B;&#x445; &#x44D;&#x43A;&#x441;&#x43F;&#x435;&#x440;&#x442;&#x438;&#x437;. &#x412;&#x41D;&#x418;&#x418;&#x421;&#x42D;$v1979, 6</subfield>
    <subfield code="9">2220015</subfield>
    <subfield code="a">&#x412;&#x41D;&#x418;&#x418; &#x441;&#x443;&#x434;&#x435;&#x431;&#x43D;&#x44B;&#x445; &#x44D;&#x43A;&#x441;&#x43F;&#x435;&#x440;&#x442;&#x438;&#x437;</subfield>
    <subfield code="c">&#x41C;.</subfield>
    <subfield code="d">1976-</subfield>
    <subfield code="f">&#x41C;-&#x432;&#x43E; &#x44E;&#x441;&#x442;&#x438;&#x446;&#x438;&#x438; &#x421;&#x421;&#x421;&#x420;. &#x412;&#x41D;&#x418;&#x418; &#x441;&#x443;&#x434;&#x435;&#x431;&#x43D;&#x44B;&#x445; &#x44D;&#x43A;&#x441;&#x43F;&#x435;&#x440;&#x442;&#x438;&#x437;. &#x412;&#x41D;&#x418;&#x418;&#x421;&#x42D;</subfield>
    <subfield code="t">&#x41E;&#x431;&#x437;&#x43E;&#x440;&#x43D;&#x430;&#x44F; &#x438;&#x43D;&#x444;&#x43E;&#x440;&#x43C;&#x430;&#x446;&#x438;&#x44F;</subfield>
    <subfield code="v">1979, 6</subfield>
  </datafield>
  <datafield tag="700" ind1=" " ind2="1">
    <subfield code="a">&#x42D;&#x43B;&#x438;&#x43D;</subfield>
    <subfield code="b">&#x41A;.&#x415;.</subfield>
    <subfield code="4">070</subfield>
  </datafield>
  <datafield tag="701" ind1=" " ind2="1">
    <subfield code="a">&#x41C;&#x430;&#x43B;&#x430;&#x445;&#x430;</subfield>
    <subfield code="b">&#x412;.&#x412;.</subfield>
    <subfield code="4">070</subfield>
  </datafield>
  <datafield tag="801" ind1=" " ind2="1">
    <subfield code="a">RU</subfield>
    <subfield code="b">InfoComm</subfield>
    <subfield code="c">20040211</subfield>
  </datafield>
  <datafield tag="801" ind1=" " ind2="0">
    <subfield code="a">RU</subfield>
    <subfield code="b">NLR</subfield>
    <subfield code="g">PSBO</subfield>
  </datafield>
  <datafield tag="852" ind1=" " ind2=" ">
    <subfield code="a">NLR</subfield>
    <subfield code="j">&#x41F;22/4488</subfield>
  </datafield>
  <datafield tag="942" ind1=" " ind2=" ">
    <subfield code="c">ISSUE</subfield>
  </datafield>
  <datafield tag="980" ind1=" " ind2=" ">
    <subfield code="a">NB</subfield>
  </datafield>
  <datafield tag="980" ind1=" " ind2=" ">
    <subfield code="a">RUSPER</subfield>
  </datafield>
</record>
